| 000 | 00611nam a2200229 a 4500 | ||
|---|---|---|---|
| 999 |
_c5526 _d5526 |
||
| 001 | 5526 | ||
| 003 | BD-JhCC | ||
| 005 | 20171217191307.0 | ||
| 008 | 171217s1959 bg |||| ||a| 001 0 eng d | ||
| 035 | _a(BD-JhCC)5526 | ||
| 040 |
_aBD-JhCC _dBD-JhCC |
||
| 041 | _aeng | ||
| 082 |
_a576.839 _bJON 1959 |
||
| 100 | _aJones, Sir Harold Spencer | ||
| 245 |
_aLife On Other Worlds / _cSir Harold Spencer Jones |
||
| 260 |
_aLondon : _bThe English Universityties Press Ltd, _c1959. |
||
| 300 |
_a251 p. : _c16 cm. |
||
| 650 | _aExobiology | ||
| 650 | _aLife On Other Plans | ||
| 942 |
_2ddc _cBK |
||